El valor educativo de las manualidades

Saved in:
Bibliografiske detaljer
Hovedforfatter: Mattil, Edward L. (autor)
Format: Bog
Sprog:spansk
Udgivet: Buenos Aires Kapelusz 1981
Serier:Biblioteca de cultura pedagogica, 127
Fag:
Tags: Tilføj Tag
Ingen Tags, Vær først til at tagge denne postø!

MARC

LEADER 00000nam a2200000 a 4500
001 UCW5230
003 CL-VaPUC
008 910123e19810000AG |||||||||||||||||spa|d
082 0 4 |a 372.5  |b MAT  |2 21 
100 |a Mattil, Edward L.  |e autor  |9 310124 
245 1 3 |a El valor educativo de las manualidades 
300 |a 267 p 
942 |c BK 
945 |d 19910123 00:00:00 
260 |a Buenos Aires  |b Kapelusz  |c 1981 
650 0 |a Artesanías   |9 266634 
650 7 |a TECNICAS MANUALES EDUCACION  |2 CL-VaPUC  |9 307529 
583 |a last modification  |c 19910123 00:00:00  |k Rodrigo Vera 
490 0 |a Biblioteca de cultura pedagogica, 127 
999 |c 218713  |d 218711 
952 |0 0  |1 0  |4 0  |6 372_500000000000000_MAT_1981  |7 0  |8 A  |9 208704  |a BIBEDU  |b BIBEDU  |d 2019-11-15  |i 2765594  |o 372.5 MAT 1981  |p 2765594  |r 2019-11-15  |w 2019-11-15  |y BK  |k EDU 
952 |0 0  |1 0  |4 0  |6 372_500000000000000_MAT_1981  |7 0  |8 A  |9 208705  |a BIBEDU  |b BIBEDU  |d 2019-11-15  |i 1538527  |o 372.5 MAT 1981  |p 1538527  |r 2019-11-15  |w 2019-11-15  |y BK  |k EDU